01067nam a2200277 i 4500003000900000005001700009008004100026040004300067041000800110082002500118100002900143245020500172250002400377264004000401300002300441336002400464337002800488338004300516504005200559546002400611650002500635651001000660700003200670700003000702856005700732EG-GICUC20260428104529.0260428b fr fr|||| 00| 0 fre d aEG-GiCUCbfrecEG-GiCUCdEG-GiCUCeRda afre04221a343.556bGR . D 1 aGriolet, Gaston.eAuteur10a Dictionnaire Pratique De Droit /c Publié Sous La Direction De MM. Gaston Griolet, Charles Vergé ; Avec Le Concours De M. Koehler ; Et La Collaboration De Plusieurs Magistrats Et Jurisconsultes.  aOnzième Édition1 aParis :b Librairie Dalloz, c1920. a792 page;c 24 cm. 2rda contenua texte 2rda mediasaOrdinateur 2 transporteur rdaa Ressource en ligne aComprend des références bibliographiques.  aTexte en français1 aDroit pénal2qrmak1 2qrmak1 aVergé, CharleseCo-Auteur1 a Koehler, MeContributeur40uhttps://fll.law.cu.edu.eg/fulltext/bks/B10-11349.pdf